000 00413nam a2200121Ia 4500
008 220620s9999||||xx |||||||||||||| ||und||
100 _aRoche, Bill||Geary, John
245 0 _aPartnership at Work
546 _aEnglish[eng]
650 _aindustrial||relations||duty||free||sales||dublin||airport||shop||stewards||aer
856 _uhttps://library.oapen.org/bitstream/20.500.12657/24168/1/1005963.pdf
942 _cEB
999 _c32641
_d32641